Наука и религия: историко-культурный очерк

Detaylı Bibliyografya
Yazar: Кимелев Ю. А. Юрий Анатольевич
Müşterek Yazar: Академия Наук СССР
Diğer Yazarlar: Полякова Н. Л. Наталья Львовна (редактор), Андреева И. С.
Dil:Rusça
Baskı/Yayın Bilgisi: Москва, Наука, 1988
Seri Bilgileri:Атеизм и религия
Konular:
Materyal Türü: Kitap
KOHA link:https://koha.lib.tpu.ru/cgi-bin/koha/opac-detail.pl?biblionumber=18808

MARC

LEADER 00000nam0a2200000 4500
001 18808
005 20231030191427.0
010 |a 502008011X 
035 |a (RuTPU)RU\TPU\book\18962 
035 |a BOOK00019032 
090 |a 18808 
100 |a 20011209d1988 km y0rusy50 ca 
101 0 |a rus 
102 |a RU 
105 |a a z 000сy 
200 1 |a Наука и религия: историко-культурный очерк  |f Ю. А. Кимелев, Н. Л. Полякова  |g Академия Наук СССР; Под ред. И. С. Андреевой 
210 |a Москва  |c Наука  |d 1988 
215 |a 176 с.  |c ил. 
225 1 |a Атеизм и религия 
610 1 |a религия 
610 1 |a наука 
610 1 |a история 
610 1 |a научная картина мира 
686 |a Э212.3  |v LBC/SL-A  |2 rubbk 
700 1 |a Кимелев  |b Ю. А.  |g Юрий Анатольевич 
701 1 |a Полякова  |b Н. Л.  |g Наталья Львовна 
702 1 |a Андреева  |b И. С.  |4 340 
712 0 2 |a Академия Наук СССР  |2 stltpush  |3 (RuTPU)RU\TPU\col\722 
801 0 |a RU  |b 63413507  |c 20011209  |g PSBO 
801 2 |a RU  |b 63413507  |c 20211221  |g PSBO 
942 |c BK